<?xml version="1.0" encoding="UTF-8"?>
<collection xmlns="http://www.loc.gov/MARC21/slim">
 <record>
  <leader>01110nam0a2200265   4500</leader>
  <controlfield tag="001">in00000004691</controlfield>
  <controlfield tag="005">20240227143644.0</controlfield>
  <datafield tag="010" ind1=" " ind2=" ">
   <subfield code="a">978-7-5073-4301-4</subfield>
   <subfield code="d">CNY12.40</subfield>
  </datafield>
  <datafield tag="035" ind1=" " ind2=" ">
   <subfield code="a">007838950</subfield>
  </datafield>
  <datafield tag="100" ind1=" " ind2=" ">
   <subfield code="a">20150615d2015    em y0chiy50      ea</subfield>
  </datafield>
  <datafield tag="101" ind1="0" ind2=" ">
   <subfield code="a">chi</subfield>
  </datafield>
  <datafield tag="102" ind1=" " ind2=" ">
   <subfield code="a">CN</subfield>
   <subfield code="b">110000</subfield>
  </datafield>
  <datafield tag="105" ind1=" " ind2=" ">
   <subfield code="a">y   z   000yy</subfield>
  </datafield>
  <datafield tag="106" ind1=" " ind2=" ">
   <subfield code="a">r</subfield>
  </datafield>
  <datafield tag="200" ind1="1" ind2=" ">
   <subfield code="a">习近平关于全面依法治国论述摘编</subfield>
   <subfield code="9">xi jin ping guan yu quan mian yi fa zhi guo lun shu zhai bian</subfield>
   <subfield code="b">专著</subfield>
   <subfield code="f">中共中央文献研究室编</subfield>
  </datafield>
  <datafield tag="210" ind1=" " ind2=" ">
   <subfield code="a">北京</subfield>
   <subfield code="c">中央文献出版社</subfield>
   <subfield code="d">2015</subfield>
  </datafield>
  <datafield tag="215" ind1=" " ind2=" ">
   <subfield code="a">128页</subfield>
   <subfield code="d">23cm</subfield>
  </datafield>
  <datafield tag="330" ind1=" " ind2=" ">
   <subfield code="a">本书内容摘自习近平同志2012年12月4日至2015年2月2日期间的讲话、报告、批示、指示等三十多篇重要文献，分八个专题，共计193段论述。</subfield>
  </datafield>
  <datafield tag="600" ind1=" " ind2="0">
   <subfield code="a">习近平</subfield>
   <subfield code="f">(1953- )</subfield>
   <subfield code="x">社会主义法制</subfield>
   <subfield code="x">建设</subfield>
   <subfield code="j">学习参考资料</subfield>
  </datafield>
  <datafield tag="690" ind1=" " ind2=" ">
   <subfield code="a">D2-0</subfield>
   <subfield code="v">5</subfield>
  </datafield>
  <datafield tag="690" ind1=" " ind2=" ">
   <subfield code="a">D920.0</subfield>
   <subfield code="v">5</subfield>
  </datafield>
  <datafield tag="711" ind1="0" ind2="2">
   <subfield code="a">中共中央文献研究室</subfield>
   <subfield code="9">zhong gong zhong yang wen xian yan jiu shi</subfield>
   <subfield code="4">编</subfield>
  </datafield>
  <datafield tag="090" ind1=" " ind2=" ">
   <subfield code="a">D2-0</subfield>
   <subfield code="b">zgz</subfield>
  </datafield>
  <datafield tag="096" ind1=" " ind2=" ">
   <subfield code="a">D2-0</subfield>
   <subfield code="b">zgz</subfield>
  </datafield>
  <datafield tag="999" ind1="f" ind2="f">
   <subfield code="s">d1c38b2c-5597-4a32-959f-9cd2989115c1</subfield>
   <subfield code="i">d5037d93-0a21-4703-a089-87f557b5986d</subfield>
  </datafield>
 </record>
</collection>
